000 00447nam a2200169Ia 4500
003 GCL
008 140319s9999 xx 000 0 eng d
040 _aGCL /
_cGCL
082 0 4 _a709.47
_bR C
100 1 _aPICE, TOMARA TALLOT
245 1 0 _aA CONEISE HISTORY OF RUSSIAN ART /
_cPICE, TOMARA TALLOT
260 _a[S.N] :
_bTHAMES AND HUDSON ،
_c1963
300 _a288 P
650 0 4 _aARTS, HISTORY
650 0 4 _aART, RUSSIA
942 _2ddc
_cBK
999 _c19446
_d19446